Länder erraten KI Teil 3 - Statistiken

Allgemein
  • Dieses Quiz wurde 211 mal gespielt
    146 seit der letzten Aktualisierung
  • Das Durchschnittsergebnis liegt bei 14 aus 20
Antwortstatistiken
Bildquiz Antwort % Korrekt
China
97%
Italien
96%
Japan
96%
Ägypten
93%
Norwegen
86%
Russland
86%
Schweiz
85%
Brasilien
84%
Deutschland
82%
Kanada
80%
Vereinigte Staaten
78%
Thailand
69%
Spanien
61%
Südafrika
59%
Antarktis
55%
Mexiko
47%
Australien
41%
Ghana
38%
Nepal
36%
Schweden
34%
Keine übereinstimmenden Quizze gefunden
Verteilung der Resultate
Anzahl Personen mit jedem Resultat
Perzentil nach korrekt beantworteten Fragen
Ihre Resultats-Entwicklung
Sie haben dieses Quiz seit der letzten Aktualisierung nicht gespielt